书目信息 |
| 题名: |
结晶学及矿物学实习指导书
|
|
| 作者: | 武汉地质学院矿物教研室 | |
| 分册: | ||
| 出版信息: | 北京 地资出版社 1986 |
|
| 页数: | ||
| 开本: | 28cm | |
| 丛书名: | ||
| 单 册: | ||
| 中图分类: | P57 | |
| 科图分类: | ||
| 主题词: | 矿物学P58 | |
| 电子资源: | ||
| ISBN: | ||
| 000 | 00599nam0 2200181 450 | |
| 001 | 0736196517 | |
| 005 | 20070924100316.51 | |
| 010 | @d¥1.05 | |
| 100 | @a20070924d km y0chiy0120 ea | |
| 101 | 0 | @achi |
| 200 | 1 | @a结晶学及矿物学实习指导书@Ajie jing xue ji kuang wu xue shi xi zhi dao shu@f武汉地质学院矿物教研室@Fwu han di zhi xue yuan kuang wu jiao yan shi |
| 210 | @a北京@c地资出版社@d1986 | |
| 215 | @d28cm | |
| 606 | 0 | @a矿物学P58 |
| 690 | @aP57@v3 | |
| 701 | 0 | @a武汉地质学院矿物教研室@Awu han di zhi xue yuan kuang wu jiao yan shi |
| 801 | 0 | @aCN@bPFT@c20070924 |
| 905 | @a213230@dP57@eZY6@f1 | |
| 结晶学及矿物学实习指导书/武汉地质学院矿物教研室.-北京:地资出版社,1986 |
| 28cm |
| ISBN :¥1.05 |
| ● |
| 相关链接 |
|
|
|
|
正题名:结晶学及矿物学实习指导书
索取号:P57/ZY6
 
预约/预借
| 序号 | 登录号 | 条形码 | 馆藏地/架位号 | 状态 | 备注 |
| 1 | 7901081 | 279010810 | 资源管理系资料室/ [索取号:P57/ZY6] | 在馆 |